000 00661nam a22002297a 4500
003 UA-OsUOA
001 76383
007 ta
008 20110630b un ||||| |||| 00| 0 ukr d
090 _a821.161.2
_bА61
942 _cBK
040 _aUA-OsUOA
_bukr
_cUA-OsUOA
_dUA-OsUOA
245 _aAmicitia
_bсучасні тексти про дружбу
_cупоряд. О.В.Мальков
300 _a292 с.
955 _a3
041 _aukr
080 _a821.161.2
020 _a978-966-2306-17-0
260 _aКанів
_bСклянка часу
_c2010
650 7 _a82 Література. Літературознавство
_2UDC
999 _c362688
_d362688